Manual de Edafología

Spremljeno u:
Bibliografski detalji
Glavni autor: Honorato Pinto, Ricardo Ignacio (Autor)
Format: Knjiga
Jezik:španjolski
Izdano: Santiago, Chile Universidad Católica de Chile 2000
Izdanje:Cuarta edición
Serija:Textos Universitarios
Teme:
Oznake: Dodaj oznaku
Bez oznaka, Budi prvi tko označuje ovaj zapis!

MARC

LEADER 00000nam a2200000 a 4500
001 UCO3301
003 CL-VaPUC
005 20231207101723.0
008 000720e20000000CL |||||||||||||||||spa|d
999 |c 289765  |d 289763 
020 |a 9561403256 
040 |c Pontificia Universidad Católica de Valparaíso 
082 0 4 |a 631.4 HON 2000  |2 21 
100 |a Honorato Pinto, Ricardo Ignacio  |e author  |9 447352 
245 1 0 |a Manual de Edafología 
250 |a Cuarta edición 
260 0 3 |a Santiago, Chile  |b Universidad Católica de Chile  |c 2000 
300 |a 241 páginas 
490 0 |a Textos Universitarios 
583 |a last modification  |c 20130410 05:21:02  |k Rodrigo Vera 
650 7 |a Edafología   |2 CL-VaPUC  |9 447353 
650 7 |a Suelos  |x Erosión  |9 886443 
650 0 |a Suelos  |9 262782  |x Propiedades 
651 |a Chile   |9 886442 
942 |c BK  |2 ddc  |n 1 
945 |d 20000720 00:00:00  |a vberengu 
952 |0 0  |1 1  |2 ddc  |4 0  |6 631_400000000000000_HON_2000  |7 0  |8 A  |9 338453  |a BIBAGR  |b BIBAGR  |d 2019-11-20  |i 3633942  |o 631.4 HON 2000  |p 3633942  |r 2019-11-20  |t 6  |w 2019-11-20  |y BK  |k AGR 
952 |0 0  |1 0  |2 ddc  |4 0  |6 631_400000000000000_HON_2000  |7 0  |8 A  |9 338454  |a BIBAGR  |b BIBAGR  |d 2019-11-20  |i 3677508  |l 1  |o 631.4 HON 2000  |p 3677508  |r 2025-01-20  |s 2023-08-09  |t 2  |w 2019-11-20  |y BK  |k BIO 
952 |0 0  |1 0  |2 ddc  |4 0  |6 631_400000000000000_HON_2000  |7 0  |8 A  |9 338455  |a BIBAGR  |b BIBAGR  |d 2019-11-20  |i 3759210  |l 1  |o 631.4 HON 2000  |p 3759210  |r 2025-01-20  |s 2022-09-02  |t 3  |w 2019-11-20  |y BK  |k BIO 
952 |0 0  |1 0  |2 ddc  |4 0  |6 631_400000000000000_HON_2000  |7 0  |8 A  |9 338456  |a BIBAGR  |b BIBAGR  |d 2019-11-20  |i 3759229  |l 3  |m 1  |o 631.4 HON 2000  |p 3759229  |r 2025-01-20  |s 2022-08-26  |t 4  |w 2019-11-20  |y BK  |k BIO 
952 |0 0  |1 0  |2 ddc  |4 0  |6 631_400000000000000_HON_2000  |7 0  |8 A  |9 338457  |a BIBING  |b BIBING  |d 2019-11-20  |i 378424K  |o 631.4 HON 2000  |p 378424K  |r 2025-01-20  |t 1  |w 2019-11-20  |y BK  |k GEO 
952 |0 0  |1 0  |2 ddc  |4 0  |6 631_400000000000000_HON_2000  |7 0  |8 A  |9 338458  |a BIBAGR  |b BIBAGR  |d 2019-11-20  |i 3795977  |o 631.4 HON 2000  |p 3795977  |r 2025-01-20  |t 7  |w 2019-11-20  |y BK  |k AGR 
952 |0 0  |1 0  |2 ddc  |4 0  |6 631_400000000000000_HON_2000  |7 0  |8 A  |9 338461  |a BIBAGR  |b BIBAGR  |d 2019-11-20  |i 3796000  |l 1  |o 631.4 HON 2000  |p 3796000  |r 2025-01-20  |s 2023-11-15  |t 10  |w 2019-11-20  |y BK  |k AGR 
952 |0 0  |1 0  |2 ddc  |4 0  |6 631_400000000000000_HON_2000  |7 0  |8 A  |9 338463  |a BIBAGR  |b BIBAGR  |d 2019-11-20  |i 3796027  |o 631.4 HON 2000  |p 3796027  |r 2025-01-20  |t 12  |w 2019-11-20  |y BK  |k AGR 
952 |0 0  |1 0  |2 ddc  |4 0  |6 631_400000000000000_HON_2000  |7 0  |8 A  |9 338464  |a BIBAGR  |b BIBAGR  |d 2019-11-20  |i 3796035  |l 4  |o 631.4 HON 2000  |p 3796035  |r 2025-01-20  |s 2023-11-14  |t 13  |w 2019-11-20  |y BK  |k AGR 
952 |0 0  |1 0  |2 ddc  |4 0  |6 631_400000000000000_HON_2000  |7 0  |8 A  |9 338466  |a BIBAGR  |b BIBAGR  |d 2019-11-20  |i 3796051  |o 631.4 HON 2000  |p 3796051  |r 2025-01-20  |t 15  |w 2019-11-20  |y BK  |k AGR 
952 |0 0  |1 0  |2 ddc  |4 0  |6 631_400000000000000_HON_2000  |7 0  |8 A  |9 338467  |a BIBAGR  |b BIBAGR  |d 2019-11-20  |i 379606K  |l 2  |o 631.4 HON 2000  |p 379606K  |r 2025-01-20  |s 2023-11-07  |t 16  |w 2019-11-20  |y BK  |k AGR 
952 |0 0  |1 0  |2 ddc  |4 0  |6 631_400000000000000_HON_2000  |7 0  |8 A  |9 338468  |a BIBAGR  |b BIBAGR  |d 2019-11-20  |i 3796078  |o 631.4 HON 2000  |p 3796078  |r 2025-01-20  |t 17  |w 2019-11-20  |y BK  |k AGR